| 000 | 00963cam a2200301 a 4500 | ||
|---|---|---|---|
| 001 | 1860726 | ||
| 003 | ARRUPE | ||
| 005 | 20161116092832.0 | ||
| 008 | 961024s1996 ne ab b 001 0 eng d | ||
| 020 | _a9042000422 (bound) | ||
| 020 | _a9042000384 (paper) | ||
| 035 | _a(OCoLC)35836551 | ||
| 035 | _a(OCoLC)ocm35836551 | ||
| 035 | _a(NNC)1860726 | ||
| 040 |
_aCUY _cCUY |
||
| 043 | _af------ | ||
| 050 | 4 |
_aPN2969 _b.P53 1996 |
|
| 100 | 1 |
_aPlastow, Jane. _927387 |
|
| 245 | 1 | 0 |
_aAfrican theatre and politics : _bthe evolution of theatre in Ethiopia, Tanzania and Zimbabwe : a comparative study / _cJane Plastow. |
| 260 |
_aAmsterdam ; _aAtlanta, GA : _bRodopi, _c1996. |
||
| 300 |
_a286 p. : _bill., maps ; _c23 cm. |
||
| 490 | 1 |
_aCross/cultures ; _v24 |
|
| 504 | _aIncludes bibliographical references and index. | ||
| 650 | 0 |
_aPlaywrights and politics _927487 |
|
| 830 | 0 |
_aCross/cultures ; _v24. _927488 |
|
| 942 |
_2lcc _cMONOGRAPH |
||
| 999 |
_c125742 _d125742 |
||